000 01006nam0a22002771 4500
001 RU\NLR\INFOCOMM_253\5000054819
005 20250613101513.0
035 _a(NLR Aleph) 009381447
090 _a7985241
_c7985241
100 _a20101228d1975 |||y0rusy50 ca
101 0 _afre
102 _aRU
105 _aa ||||000|y
200 1 _aLa Fédération des travailleurs de la santé publique
_fNadejda Grigoriéva
210 _aM.
_cProfizdat
_d1975
215 _a56 с.; 4 л. цвет. ил.
_cцвет. ил.
_d20 см
300 _aНа обл. авт. не указан
300 _aВ вып. дан.: Надежда Николаевна Григорьева. Профсоюз медицинских работников
686 _aФ72(2)926"1948"
_2rubbk
700 1 _9z01790
_aGrigor'eva
_bN. N.
_gNadežda Nikolaevna
_4070
790 1 _9z01700
_aGrigoriéva
_bN.
_gNadejda
_4070
801 1 _aRU
_bNLR
_c20101228
801 0 _aRU
_bNLR
_gPSBO
852 _aNLR
_jИр71 Д-4/67
942 _cBOOK
980 _aNB